Normal view
MARC view
Entry Topical Term
001 - CONTROL NUMBER
- control field: 36980
003 - CONTROL NUMBER IDENTIFIER
- control field: dpl
005 - DATE AND TIME OF LATEST TRANSACTION
- control field: 20111215114840.0
008 - FIXED-LENGTH DATA ELEMENTS
- fixed length control field: 111215|||a|||||| | ||| d
040 ## - CATALOGING SOURCE
- Original cataloging agency: dpl
- Transcribing agency: dpl
150 ## - HEADING--TOPICAL TERM
- Topical term or geographic name as entry element: Performance.
670 ## - SOURCE DATA FOUND
- Source citation: Work cat.: (dpl)58951: 36352 Bishop, Russell,, Workarounds that work :, 2011
670 ## - SOURCE DATA FOUND
- Source citation: Work cat.: (dpl)58951: 36352 Bishop, Russell,, Workarounds that work :, 2011
